000 00644nam a2200229Ia 4500
999 _c5381
_d5381
003 0100
008 130227s9999 xx 000 0 und d
040 _cARRUPELIB
050 _aDT962.75.P34
100 _aPalley, Claire
_930446
245 _aZimbabwe Rhodesia:
_bshould the present government be recognized?
260 _aLondon
_bMinority Rights Group; Catholic Institute for International Relations
_c1979
300 _a40p
300 _b 21cm
650 _aZimbabwe
_xForeign relations
_y1965-1980
_940337
650 _aZimbabwe
_xPolitics
_y1979-1980
_940338
942 _2lcc
_cMONOGRAPH